Peraturan tetap unit pencegah penyeludupan (UPP) Bil. 1. (Record no. 2203)
[ view plain ]
| 000 -LEADER | |
|---|---|
| fixed length control field | nam a22 a 4500 |
| 005 - DATE AND TIME OF LATEST TRANSACTION | |
| control field | 20170515153618.0 |
| 008 - FIXED-LENGTH DATA ELEMENTS--GENERAL INFORMATION | |
| fixed length control field | 170515s1988 my ||||| |||| 00| 0 may d |
| 040 ## - CATALOGING SOURCE | |
| Original cataloging agency | AKMAL |
| 082 ## - DEWEY DECIMAL CLASSIFICATION NUMBER | |
| Classification number | 354.59504 JPM |
| 090 ## - LOCALLY ASSIGNED LC-TYPE CALL NUMBER (OCLC); LOCAL CALL NUMBER (RLIN) | |
| Classification number (OCLC) (R) ; Classification number, CALL (RLIN) (NR) | 354.59504 |
| Local cutter number (OCLC) ; Book number/undivided call number, CALL (RLIN) | JPM |
| 110 1# - MAIN ENTRY--CORPORATE NAME | |
| Corporate name or jurisdiction name as entry element | Malaysia |
| Subordinate unit | Jabatan Perdana Menteri |
| 9 (RLIN) | 3179 |
| 245 10 - TITLE STATEMENT | |
| Title | Peraturan tetap unit pencegah penyeludupan (UPP) Bil. 1. |
| 260 ## - PUBLICATION, DISTRIBUTION, ETC. | |
| Place of publication, distribution, etc. | (Kuala Lumpur; |
| Name of publisher, distributor, etc. | Jabatan Perdana Menteri, |
| Date of publication, distribution, etc. | 1988 ) |
| 300 ## - PHYSICAL DESCRIPTION | |
| Extent | iii,31ms. |
| Dimensions | 25cm |
| 650 10 - SUBJECT ADDED ENTRY--TOPICAL TERM | |
| Topical term or geographic name entry element | Administrative agencies |
| General subdivision | Rules and practice |
| Geographic subdivision | Malaysia |
| 9 (RLIN) | 427 |
| 650 20 - SUBJECT ADDED ENTRY--TOPICAL TERM | |
| Topical term or geographic name entry element | Smuggling |
| Geographic subdivision | Malaysia |
| 9 (RLIN) | 3925 |
| 942 ## - ADDED ENTRY ELEMENTS (KOHA) | |
| Source of classification or shelving scheme | |
| Koha item type | Book |
| 950 ## - LOCAL HOLDINGS (RLIN) | |
| Permanent shelving location, LOC (RLIN) | AKMAL |
| Withdrawn status | Lost status | Source of classification or shelving scheme | Damaged status | Not for loan | Collection code | Home library | Current library | Shelving location | Date acquired | Total Checkouts | Full call number | Barcode | Date last seen | Price effective from | Koha item type |
|---|---|---|---|---|---|---|---|---|---|---|---|---|---|---|---|
| NON-FICTION | AKMAL Melaka | AKMAL Melaka | PINJAMAN | 16.05.2017 | 354.59504 JPM | 201703108 | 16.05.2017 | 16.05.2017 | Book |
